| 000 | 00395 a2200145 4500 | ||
|---|---|---|---|
| 999 |
_c3184 _d3184 |
||
| 020 | _a0091331811 | ||
| 050 | _aJN5 POG 1978 | ||
| 100 | _aPoggi, Gianfranco | ||
| 245 |
_aThe Development of the Modern State: _bA Sociological introduction |
||
| 264 |
_aLondon _bHutchinson _c1978 |
||
| 300 | _a175p., | ||
| 500 | _aDevelopment | ||
| 650 |
_aModern state _xDevelopment |
||
| 942 |
_2olc _cBK _h5 _iPOG _kJN |
||